Entry Nombre personal
001 - NÚMERO DE CONTROL
- campo de control: 18082
003 - IDENTIFICADOR DE NÚMERO DE CONTROL
- campo de control: SpMaBN
005 - FECHA Y HORA DE LA ÚLTIMA TRANSACCIÓN
- campo de control: 20230620114553.0
008 - ELEMENTOS DE DATO DE LONGITUD-FIJA
- campo de control de longitud fija: 900725nn ainnnaabn n aaa
016 ## - NÚMERO DE CONTROL DE UNA AGENCIA BIBLIOGRÁFICA NACIONAL
- Número de control del registro: BNE19960811572
024 7# - IDENTIFICADOR DE OTROS ESTÁNDARES
- Número estándar o código: http://viaf.org/viaf/52491404/
- Fuente: viaf
024 7# - IDENTIFICADOR DE OTROS ESTÁNDARES
- Número estándar o código: https://isni.org/isni/0000000063190850
- Fuente: isni
040 ## - FUENTE DE CATALOGACIÓN
- Centro catalogador/agencia de origen: SpMaBN
- Lengua de catalogación: spa
- Centro/agencia transcriptor: SpMaBN
- Normas de descripción: rdc
- Convención/Normas de encabezamiento de materia/tesauro: embne
- Centro/agencia modificador: ES-MaACL
046 ## - FECHAS CON CODIFICACIÓN ESPECIAL
- Fecha de nacimiento: 1852
- Fecha de la muerte: 1925
100 1# - ENCABEZAMIENTO-NOMBRE DE PERSONA
- Nombre de persona: Abendanon, J. H.,
- Fechas asociadas al nombre: 1852-1925
370 ## - LUGAR ASOCIADO
- Lugar de nacimiento: Surinam, Paramaribo (Distrito), Paramaribo
370 ## - LUGAR ASOCIADO
- Lugar de fallecimiento: Mónaco
374 ## - OCUPACIÓN
- Ocupación: Funcionarios
375 ## - GÉNERO/SEXO
- Género: Masculino
377 ## - IDIOMA ASOCIADO
- Término de lengua/lenguaje: Holandés
400 1# - TRAZADO DE VÉASE--NOMBRE DE PERSONA
- Nombre de persona: Abendanon, Jacques Henry,
- Fechas asociadas al nombre: 1852-1925
670 ## - FUENTE DE DATOS ENCONTRADOS
- Cita de la fuente: Las Indias Neerlandesas, 1921;
- Información encontrada: portada (por el Dr. J. H. Abendanon)
670 ## - FUENTE DE DATOS ENCONTRADOS
- Cita de la fuente: WWW Huygens ING, 23-12-2020;
- Información encontrada: (Abendanon, Jacques Henrij , funcionario colonial)
- Identificador Uniforme de Recursos: http://resources.huygens.knaw.nl/bwn1880-2000/lemmata/bwn3/abe ndanon
670 ## - FUENTE DE DATOS ENCONTRADOS
- Cita de la fuente: WWW Bn España aut., 20-6-2023;
- Información encontrada: (Abendanon, J. H. 1852-1925)
955 ## - CATALOGADOR - EDICIÓN
- Nombre del catalogador: Julia Mas Vieira
